| 000 | 00570nam a22001817a 4500 | ||
|---|---|---|---|
| 005 | 20250919134150.0 | ||
| 008 | 250918b |||||||| |||| 00| 0 eng d | ||
| 020 | _a9788119920242 | ||
| 082 | _aDC 808.06607 F862 2024 | ||
| 100 |
_aFraser, Janic. _967723 |
||
| 245 |
_aBroadcast journalism: _b basic principles / _cJanic Fraser. |
||
| 250 | _aFirst edition. | ||
| 260 |
_aIndia : _bVenus Books, _c©2024. |
||
| 300 |
_av, 300 pages : _billustrations ; _c24 cm. |
||
| 500 | _aIncludes bibliography and index. | ||
| 650 | 0 |
_aBroadcast journalism. _967898 |
|
| 942 |
_2ddc _cDC |
||
| 999 |
_c23827 _d23827 |
||